000 00449pab a2200157 454500
008 180718b2010 xxu||||| |||| 00| 0 eng d
100 _aDesch, Michael C.
245 _aThe more things change, the more they stay the same: the liberal tradition and Obama's counterterrorism policy
260 _c2010
300 _ap.425-429.
362 _aJul
650 _aTerrorism
773 _aPolitical Science and Politics
908 _aN
909 _a87676
999 _c87676
_d87676